| 000 | 02554cam a2200385 i 4500 | ||
|---|---|---|---|
| 003 | PE-LiUPU | ||
| 005 | 20250731183448.0 | ||
| 008 | 240926b |||||||| |||| 00| 0 spa d | ||
| 020 |
_a9788429121292 _qpaperback |
||
| 040 |
_aC3L _beng _cPE-LiUPU _erda _dPE-LiUPU |
||
| 050 | 0 | 0 |
_aNA680 _b.R58 2017 |
| 082 |
_223 _a724 _bR621o |
||
| 100 | 1 |
_aRivera, David, _d1970- _eautor. |
|
| 245 | 1 | 3 |
_aLa otra arquitectura moderna : _bexpresionistas, matafísicos y clasicistas, 1910-1950 / _cDavid Rivera ; prólogo, Paul Goldberger ; edición, Jorge Sainz. |
| 264 | 1 |
_aBarcelona : _bEditorial Reverté, _c2017. |
|
| 264 | 4 | _c©2017 | |
| 300 |
_a367 páginas : _billustraciones ; _c24 centímetros. |
||
| 336 |
_atext _btxt _2rdacontent |
||
| 337 |
_aunmediated _bn _2rdamedia |
||
| 338 |
_avolume _bnc _2rdacarrier |
||
| 490 | 1 |
_a(Estudios universitarios de arquitectura ; _v29) |
|
| 504 | _aIncluye referencias bibliográficas (páginas 341-348) e índice. | ||
| 505 | _aLos alquimistas de Cubismo Checo -- Ámsterdam desencadenada -- El expresionismo: orgánico y cristalino -- Zigurats para el progreso colectivo -- El clasismo progresivo de Lutyens y Plecnik -- El clasismo diagramático en Berlín y París -- El clasismo moderno en Italia -- La metrópolis del mañana -- La épica obrera de la Viena Roja -- El optimismo del Art Déco -- La arquitectura del nazismo -- El Realismo Socialista en Moscú. | ||
| 520 | 8 | _aEste libro trata de los estilos y las tendencias de la primera mitad del siglo XX que están ausentes o son marginales en las historias de la arquitectura moderna, pero que fueron importantes e influyentes en la época en la que nacieron. 0En el texto se analizan los movimientos expresionistas y simbolistas tanto como los estilos épicos modernos, el Futurismo, el Art Déco, el Novecento, la arquitectura metafísica, el monumentalismo industrial babilónico y los diversos tipos de clasicismo. Con ello se pretende restituir toda su riqueza y complejidad a la historia de la arquitectura moderna y reconocer a una serie de grandes arquitectos (Michel de Klerk, Edwin Lutyens, Raymond Hood o Joze Plecnik entre ellos) la importancia de su contribución. | |
| 526 | _aP158 | ||
| 526 | _aP146 | ||
| 526 | _aP17 | ||
| 526 | _aP12 | ||
| 526 | _aP06 | ||
| 650 | 1 | 4 |
_aArquitectura moderna _ySiglo XX. _9548 |
| 700 | 1 |
_aSainz, Jorge, _eeditor. |
|
| 700 | 1 |
_aGoldberger, Paul, _eprologuista. |
|
| 942 |
_2ddc _cBK _n0 |
||
| 999 |
_c62631 _d62630 |
||
| 980 |
_618226 _aJaime Vilcazán Jefe de Análisis Documental _81 _gALBERTO SANCHEZ Responsable de Automatización |
||